[Event "Nordstrand GP Langsjakk 2018"]
[Site "Lambertseter gård"]
[Date "2018.04.20"]
[Round "1"]
[White "Djurhuus, Rune"]
[Black "Gyldenås, Ole Jørn"]
[Result "1-0"]
[WhiteElo "2437"]
[BlackElo "1977"]
[PlyCount "79"]
[EventDate "2018.??.??"]

1. d4 e6 2. g3 d5 3. Bg2 c6 4. Nf3 f5 5. O-O Nf6 6. b3 Bd6 7. Ba3 Qe7 8. Bxd6
Qxd6 9. c4 b6 10. Qc2 Nbd7 11. Nbd2 Ba6 12. Rfc1 Ne4 13. e3 O-O 14. cxd5 cxd5
15. Qc6 Rfc8 16. Qxd6 Nxd6 17. Ng5 Ne4 18. Ndxe4 dxe4 19. Nxe6 Bd3 20. Bf1 Bxf1
21. Kxf1 Nf6 22. Nc7 Rab8 23. Rc3 Kf7 24. Rac1 Rb7 25. Ke2 Rd8 26. Rc6 Rd7 27.
a3 Ke7 28. Ne6 Kf7 29. Nf4 g6 30. h4 Ke7 31. b4 Kf7 32. Rd1 Nd5 33. Nxd5 Rxd5
34. Rdc1 Rdd7 35. h5 g5 36. Rh6 Kg7 37. Rcc6 Rd5 38. Rhf6 Kg8 39. h6 Rb8 40.
Rc7
1-0

[Event "Nordstrand GP Langsjakk 2018"]
[Site "Lambertseter gård"]
[Date "2018.04.20"]
[Round "1"]
[White "Unneland, Mathias"]
[Black "Hobber, Anders"]
[Result "1/2-1/2"]
[WhiteElo "1956"]
[BlackElo "2268"]
[PlyCount "60"]
[EventDate "2018.??.??"]

1. d4 d5 2. c4 c6 3. Nc3 Nf6 4. cxd5 cxd5 5. Bf4 Nc6 6. e3 Bg4 7. f3 Bd7 8. Rc1
e6 9. Bg3 Be7 10. Bd3 O-O 11. Nge2 Rc8 12. O-O Na5 13. b3 Nc6 14. Bb1 Ba3 15.
Rc2 Nh5 16. Bf2 f5 17. e4 fxe4 18. fxe4 Be8 19. Rd2 Bb4 20. Rd3 Bg6 21. exd5
exd5 22. Rh3 Bxb1 23. Qxb1 g6 24. Qd3 Qd7 25. Rf3 Ne7 26. Be1 Rxf3 27. Qxf3 Qf5
28. Qe3 Qd7 29. Qf3 Qf5 30. Qe3 Qd7
1/2-1/2

[Event "Nordstrand GP Langsjakk 2018"]
[Site "Lambertseter gård"]
[Date "2018.04.20"]
[Round "1"]
[White "Tryggestad, Andreas G"]
[Black "Krohg, Georg A"]
[Result "1-0"]
[WhiteElo "2267"]
[BlackElo "1930"]
[PlyCount "73"]
[EventDate "2018.??.??"]

1. e4 g6 2. d4 Bg7 3. Nc3 c6 4. Bc4 Nf6 5. e5 Nd5 6. Qf3 e6 7. Ne4 O-O 8. Bg5
f6 9. exf6 Nxf6 10. Nxf6+ Bxf6 11. Bh6 Qa5+ 12. c3 Rf7 13. Qe3 b5 14. Bb3 b4
15. Nf3 bxc3 16. bxc3 Ba6 17. Nd2 c5 18. d5 c4 19. dxe6 Re7 20. Ne4 Rxe6 21.
Nxf6+ Kf7 22. Ne4 Rxe4 23. Qxe4 Qxc3+ 24. Bd2 Qxa1+ 25. Bd1 Nc6 26. Qd5+ Ke8
27. O-O Qg7 28. Bg4 Kf8 29. Bb4+ Nxb4 30. Qxa8+ Kf7 31. Qxa7 c3 32. Qxd7+ Kf8
33. Qd8+ Kf7 34. Re1 Qf8 35. Qd7+ Kf6 36. h4 Bc4 37. Qd4+
1-0

[Event "Nordstrand GP Langsjakk 2018"]
[Site "Lambertseter gård"]
[Date "2018.04.20"]
[Round "1"]
[White "Dahl, Max"]
[Black "Ranaldi, Lucas"]
[Result "0-1"]
[WhiteElo "1925"]
[BlackElo "2226"]
[PlyCount "118"]
[EventDate "2018.??.??"]

1. Nf3 Nf6 2. d4 e6 3. Bg5 c5 4. e3 Be7 5. c3 b6 6. Bd3 Bb7 7. Nbd2 O-O 8. O-O
d6 9. h3 cxd4 10. cxd4 Nc6 11. a3 a6 12. Rc1 Rc8 13. Qe2 b5 14. Rfd1 h6 15. Bf4
Qb6 16. Ne4 Nxe4 17. Bxe4 Na5 18. Bxb7 Qxb7 19. Nd2 d5 20. Qd3 Rc6 21. Rxc6
Qxc6 22. b4 Nc4 23. Qc3 Rc8 24. Rc1 Na5 25. Qxc6 Rxc6 26. Rxc6 Nxc6 27. Nb3 Kf8
28. Bc7 Ke8 29. Bb6 h5 30. Bc5 Bd8 31. g4 hxg4 32. hxg4 Bc7 33. Kg2 f5 34. f3
Kf7 35. Nd2 g6 36. Kf2 Kf6 37. gxf5 exf5 38. e4 dxe4 39. fxe4 Bf4 40. e5+ Ke6
41. Nf3 Bc1 42. Ne1 Bxa3 43. Nd3 g5 44. Ke3 Kd5 45. Kf3 a5 46. bxa5 Bxc5 47.
dxc5 Nxa5 48. Ke3 Nc4+ 49. Kf2 Nxe5 50. Nb4+ Kxc5 51. Na6+ Kd6 52. Ke3 Nc6 53.
Kf3 b4 54. Ke3 b3 55. Kd3 g4 56. Kc3 g3 57. Kxb3 g2 58. Nb4 Nxb4 59. Kxb4 g1=Q
0-1

[Event "Nordstrand GP Langsjakk 2018"]
[Site "Lambertseter gård"]
[Date "2018.04.20"]
[Round "1"]
[White "Nordquelle, Daniel"]
[Black "Tunsjø, Axel"]
[Result "1-0"]
[WhiteElo "2181"]
[BlackElo "1904"]
[PlyCount "175"]
[EventDate "2018.??.??"]

1. e4 c5 2. Nc3 Nc6 3. Bb5 Nd4 4. Bc4 g6 5. Nge2 Bg7 6. O-O a6 7. a4 e6 8. d3
Ne7 9. Nxd4 cxd4 10. Ne2 O-O 11. Bd2 Nc6 12. Qc1 Qe7 13. Bg5 Bf6 14. Bxf6 Qxf6
15. f4 Qe7 16. Ng3 Kg7 17. Qd1 f6 18. h4 h5 19. Qe1 f5 20. exf5 exf5 21. Qf2
Qf6 22. Ne2 d6 23. Bd5 Nb4 24. Bb3 Nc6 25. Rac1 Re8 26. Bd5 Nb4 27. Bf3 Nc6 28.
b3 Be6 29. Bxc6 bxc6 30. Nxd4 c5 31. Nf3 Bd5 32. Ng5 Re7 33. Rfe1 Rae8 34.
Rxe7+ Qxe7 35. Kf1 Bb7 36. Qd2 Ba8 37. Kf2 Qf6 38. Re1 Rxe1 39. Qxe1 d5 40. Qe8
Bc6 41. Qe6 d4 42. g3 a5 43. Ke1 Bg2 44. Kd2 Bc6 45. Kc1 Bg2 46. Qd7+ Kg8 47.
Qc8+ Qf8 48. Qxf8+ Kxf8 49. Ne6+ Ke7 50. Nxc5 Kd6 51. b4 axb4 52. Nb3 Bc6 53.
Nxd4 Bxa4 54. Kb2 Kd5 55. Nf3 Kc5 56. c3 bxc3+ 57. Kxc3 Bb5 58. Ne5 Be8 59. Nc4
Bb5 60. Ne3 Ba6 61. d4+ Kd6 62. Kb4 Bb7 63. Kb5 Bc6+ 64. Kc4 Be8 65. d5 Bf7 66.
Kd4 Be8 67. Nc4+ Ke7 68. Ke5 Ba4 69. d6+ Kf7 70. Nb6 Bc6 71. Nd5 Ba4 72. Ne7
Bd7 73. Kd5 Be8 74. Nxg6 Ba4 75. Ne5+ Kf6 76. d7 Ke7 77. Kc5 Bxd7 78. Nxd7 Kxd7
79. Kd5 Ke7 80. Ke5 Kf7 81. Kxf5 Kg7 82. Ke6 Kg6 83. f5+ Kh6 84. f6 Kg6 85. f7
Kh7 86. f8=Q Kg6 87. Qg8+ Kh6 88. Qg5+ 1-0

[Event "Nordstrand GP Langsjakk 2018"]
[Site "Lambertseter gård"]
[Date "2018.04.20"]
[Round "1"]
[White "Mansoor, Afras"]
[Black "Fossan, Aleksander"]
[Result "1-0"]
[WhiteElo "1898"]
[BlackElo "2138"]
[PlyCount "69"]
[EventDate "2018.??.??"]

1. c4 c5 2. g3 g6 3. Bg2 Bg7 4. Nc3 Nc6 5. a3 d6 6. Rb1 a5 7. Nf3 e5 8. d3 Nge7
9. O-O O-O 10. Bg5 f6 11. Bd2 Be6 12. Ne1 d5 13. cxd5 Nxd5 14. Nc2 Qd7 15. Ne3
Nxe3 16. Bxe3 b6 17. Qc2 Rad8 18. Na4 Rb8 19. Rfc1 Rfc8 20. Nxb6 Rxb6 21. Qxc5
Ra6 22. Qb5 Nd4 23. Qxa6 Nxe2+ 24. Kh1 Nxc1 25. Rxc1 Rxc1+ 26. Bxc1 a4 27. Qa8+
Kf7 28. Bc6 Qe7 29. Bxa4 f5 30. Bd2 Qc7 31. h4 f4 32. gxf4 exf4 33. Be8+ Kg8
34. Bd7+ Kf7 35. Qe8+
1-0

[Event "Nordstrand GP Langsjakk 2018"]
[Site "Lambertseter gård"]
[Date "2018.04.20"]
[Round "1"]
[White "Ingebretsen, Jens E"]
[Black "Sebastian, Andreas"]
[Result "0-1"]
[WhiteElo "2124"]
[BlackElo "1894"]
[PlyCount "80"]
[EventDate "2018.??.??"]

1. e4 c5 2. Nf3 e6 3. d4 cxd4 4. Nxd4 Nc6 5. Nc3 Qc7 6. g3 Nf6 7. Ndb5 Qb8 8.
Bf4 e5 9. Bg5 a6 10. Na3 Bxa3 11. bxa3 O-O 12. Bxf6 gxf6 13. Nd5 Qd6 14. Nb6
Qc5 15. Nd5 d6 16. Bd3 f5 17. Nf6+ Kg7 18. Nh5+ Kh8 19. exf5 e4 20. Bxe4 Re8
21. O-O Rxe4 22. Nf6 Bxf5 23. Nxe4 Bxe4 24. Re1 d5 25. Qh5 Qe7 26. c4 Nd4 27.
cxd5 Re8 28. Re3 Nc2 29. d6 Qxd6 30. Rd1 Qf6 31. Re2 Nd4 32. Re3 Re5 33. Qg4
Nf3+ 34. Kh1 Ng5+ 35. Kg1 Nf3+ 36. Kf1 h5 37. Qc8+ Kg7 38. Rd8 Re8 39. Rxe8
Qa1+ 40. Kg2 Qg1+
0-1

[Event "Nordstrand GP Langsjakk 2018"]
[Site "Lambertseter gård"]
[Date "2018.04.20"]
[Round "1"]
[White "Shehzad, Shazil"]
[Black "Kyrkjebø, Erlend"]
[Result "1-0"]
[WhiteElo "1880"]
[BlackElo "2121"]
[PlyCount "39"]
[EventDate "2018.??.??"]

1. e4 c5 2. Nf3 d6 3. d4 cxd4 4. Qxd4 Nc6 5. Bb5 Bd7 6. Bxc6 Bxc6 7. c4 Nf6 8.
Nc3 g6 9. O-O Bg7 10. Qd3 Nd7 11. Re1 O-O 12. b4 a5 13. Ba3 axb4 14. Bxb4 Nc5
15. Qc2 Bxc3 16. Bxc3 f5 17. e5 Be4 18. Qd2 Nd3 19. e6 Ra3 20. Qh6
1-0

[Event "Nordstrand GP Langsjakk 2018"]
[Site "Lambertseter gård"]
[Date "2018.04.20"]
[Round "1"]
[White "Gonzàles, Francisco Silva"]
[Black "Omtvedt, Per"]
[Result "1/2-1/2"]
[WhiteElo "2100"]
[BlackElo "1872"]
[PlyCount "58"]
[EventDate "2018.??.??"]

1. d4 Nf6 2. c4 e6 3. Nc3 d5 4. Bg5 c6 5. e3 Nbd7 6. Nf3 Qa5 7. Qc2 Bb4 8. Nd2
dxc4 9. Bxf6 Nxf6 10. Nxc4 Qc7 11. Be2 O-O 12. O-O Rd8 13. Bf3 Bd7 14. a3 Be7
15. Rac1 c5 16. d5 exd5 17. Bxd5 Bc6 18. Bxc6 Qxc6 19. Ne5 Qe6 20. Nf3 h6 21.
Rfe1 Nd5 22. Ne4 b6 23. Nc3 g6 24. h4 h5 25. Rcd1 Qg4 26. Qb3 Qe6 27. Qc2 Qg4
28. Ne5 Qe6 29. Nf3 Qg4 $11
1/2-1/2

[Event "Nordstrand GP Langsjakk 2018"]
[Site "Lambertseter gård"]
[Date "2018.04.20"]
[Round "1"]
[White "Abrahamsen, Knut Ø"]
[Black "Abdrlauf, Elham"]
[Result "0-1"]
[WhiteElo "1869"]
[BlackElo "2073"]
[PlyCount "51"]
[EventDate "2018.??.??"]

1. e4 c6 2. d4 d5 3. exd5 cxd5 4. c4 Nf6 5. Nc3 e6 6. Nf3 Nc6 7. Bg5 Be7 8. Be2
O-O 9. O-O dxc4 10. Bxc4 h6 11. Bf4 Bd6 12. Qd2 Nb4 13. Rac1 a6 14. Be5 b5 15.
Bxd6 Qxd6 16. Bxb5 axb5 17. Nxb5 Qe7 18. Rc7 Bd7 19. Ne5 Rfb8 20. a3 Rxb5 21.
axb4 Qd6 22. Rc5 Rab8 23. Rxb5 Rxb5 24. Ra1 Rxe5 25. Ra8+ Be8 26. Rxe8+
0-1

[Event "Nordstrand GP Langsjakk 2018"]
[Site "Lambertseter gård"]
[Date "2018.04.20"]
[Round "1"]
[White "Støre, Trond"]
[Black "Johansen, Lars"]
[Result "1-0"]
[WhiteElo "2056"]
[BlackElo "1855"]
[PlyCount "67"]
[EventDate "2018.??.??"]

1. d4 Nf6 2. c4 e6 3. g3 c5 4. d5 d6 5. Nc3 exd5 6. cxd5 g6 7. Bg2 Bg7 8. Nf3
O-O 9. O-O Re8 10. Nd2 a6 11. a4 Nbd7 12. Nc4 Nb6 13. Na3 h6 14. a5 Nbd7 15.
Nc4 Ne5 16. Nb6 Rb8 17. f4 Neg4 18. e4 h5 19. h3 Nh6 20. Nc4 Nh7 21. Kh2 f6 22.
f5 gxf5 23. Nxd6 Qxd6 24. Qxh5 Nf7 25. Bf4 Re5 26. exf5 b5 27. Bxe5 fxe5 28.
Ne4 Qd8 29. f6 Bf8 30. Qg6+ Kh8 31. Qxf7 Rb7 32. Qh5 Rd7 33. Ng5 Qc7 34. f7
1-0

[Event "Nordstrand GP Langsjakk 2018"]
[Site "Lambertseter gård"]
[Date "2018.04.20"]
[Round "1"]
[White "Digernes, Magnus"]
[Black "Sjøberg, Isak"]
[Result "1/2-1/2"]
[WhiteElo "1854"]
[BlackElo "2043"]
[PlyCount "70"]
[EventDate "2018.??.??"]

1. d4 Nf6 2. c4 c5 3. d5 e6 4. dxe6 fxe6 5. Nc3 d5 6. Bg5 d4 7. Ne4 Be7 8. Bxf6
Bxf6 9. Qa4+ Bd7 10. Qa3 Be7 11. Nf3 Nc6 12. g3 Nb4 13. O-O-O Bc6 14. Nfd2 O-O
15. Bh3 e5 16. Rhf1 b5 17. f4 bxc4 18. Be6+ Kh8 19. Bxc4 Bd5 20. fxe5 Bxc4 21.
Nxc4 Qd5 22. Ned2 Bg5 23. Rxf8+ Rxf8 24. Qb3 d3 25. e3 g6 26. Kb1 Nc2 27. Rf1
Rxf1+ 28. Nxf1 Nb4 29. a3 Qg2 30. Ncd2 Bxe3 31. Qf7 h5 32. Qf8+ Kh7 33. Qf7+
Kh8 34. Qf8+ Kh7 35. Qf7+ Kh8
1/2-1/2

[Event "Nordstrand GP Langsjakk 2018"]
[Site "Lambertseter gård"]
[Date "2018.04.20"]
[Round "1"]
[White "Nyland, Thomas"]
[Black "Sidali, Elias Hulleberg"]
[Result "1-0"]
[WhiteElo "2032"]
[BlackElo "1851"]
[PlyCount "111"]
[EventDate "2018.??.??"]

1. f4 d5 2. Nf3 Nf6 3. g3 c5 4. Bg2 Nc6 5. O-O g6 6. d3 Bg7 7. e3 O-O 8. Qe2
Bg4 9. h3 Bxf3 10. Qxf3 e5 11. f5 e4 12. Qf2 Qb6 13. Nc3 exd3 14. cxd3 d4 15.
Ne4 Nxe4 16. Bxe4 dxe3 17. Bxe3 Qxb2 18. Qxb2 Bxb2 19. Rab1 Bd4 20. Bxd4 Nxd4
21. fxg6 hxg6 22. Rxb7 Rab8 23. Rfxf7 Rxf7 24. Rxb8+ Kg7 25. Rc8 Nf3+ 26. Kh1
Ng5 27. Kg2 Nxe4 28. dxe4 Rb7 29. Kf3 Rb2 30. Rc7+ Kf6 31. Rxa7 Rc2 32. Ra6+
Ke5 33. a4 Rc3+ 34. Kg4 Kxe4 35. Rxg6 Ra3 36. h4 Rxa4 37. h5 c4 38. h6 Ra8 39.
Rc6 Kd3 40. Rd6+ Ke2 41. Rc6 Kd3 42. Kh5 c3 43. g4 c2 44. h7 Ra1 45. Kg6 Ra8
46. g5 Kd2 47. Kh5 c1=Q 48. Rxc1 Kxc1 49. g6 Ra5+ 50. Kh6 Ra8 51. g7 Ra6+ 52.
Kh5 Ra5+ 53. Kh4 Ra4+ 54. Kg3 Ra3+ 55. Kg2 Ra2+ 56. Kf1
1-0

[Event "Nordstrand GP Langsjakk 2018"]
[Site "Lambertseter gård"]
[Date "2018.04.20"]
[Round "1"]
[White "Kvendseth, Thyra"]
[Black "Nilsen, Tobias Lang"]
[Result "1-0"]
[WhiteElo "1850"]
[BlackElo "2025"]
[PlyCount "59"]
[EventDate "2018.??.??"]

1. d4 Nf6 2. c4 e6 3. Nf3 Bb4+ 4. Nbd2 O-O 5. a3 Be7 6. e4 d6 7. Bd3 e5 8. O-O
Nbd7 9. Bc2 c5 10. d5 Nh5 11. Re1 Nf4 12. Nf1 Bf6 13. Ng3 g6 14. Ne2 Nxe2+ 15.
Qxe2 a6 16. Be3 b5 17. b4 cxb4 18. cxb5 b3 19. Bxb3 axb5 20. Qxb5 Ba6 21. Qc6
Qe7 22. Ba4 Rfd8 23. Bb5 Bxb5 24. Qxb5 Rdb8 25. Qd3 Qd8 26. Rec1 Qa5 27. Rc6
Be7 28. Nd2 Qb5 29. Rc8+ Kg7 30. Qxb5
1-0

[Event "Nordstrand GP Langsjakk 2018"]
[Site "Lambertseter gård"]
[Date "2018.04.20"]
[Round "1"]
[White "Pronstad, Thomas"]
[Black "Rolstad, Morten"]
[Result "1-0"]
[WhiteElo "2002"]
[BlackElo "1850"]
[PlyCount "97"]
[EventDate "2018.??.??"]

1. Nf3 Nf6 2. c4 e6 3. Nc3 b6 4. g3 c5 5. Bg2 Bb7 6. O-O Be7 7. b3 O-O 8. Bb2
d6 9. Re1 Nbd7 10. e4 a6 11. d4 cxd4 12. Nxd4 Re8 13. e5 dxe5 14. Bxb7 exd4 15.
Qxd4 Nc5 16. Qxd8 Raxd8 17. Bc6 Rf8 18. Ba3 Rd2 19. h3 Rfd8 20. Na4 Rc8 21. Bg2
b5 22. cxb5 axb5 23. Nxc5 Bxc5 24. Bxc5 Rxc5 25. a4 bxa4 26. bxa4 g6 27. a5
Rcc2 28. Rf1 Ra2 29. a6 Rxf2 30. Rxa2 Rxa2 31. Rxf6 Rxa6 32. Rf4 e5 33. Rb4 Rd6
34. Rb5 f6 35. Bd5+ Kg7 36. Rb7+ Kh8 37. Bb3 Rd3 38. Kf2 e4 39. Ba4 f5 40. h4
Rf3+ 41. Kg2 f4 42. gxf4 Rxf4 43. Kg3 Rf1 44. Re7 Re1 45. Kf4 Rh1 46. Kg5 e3
47. Rxe3 h6+ 48. Kxg6 Rg1+ 49. Kxh6
1-0

[Event "Nordstrand GP Langsjakk 2018"]
[Site "Lambertseter gård"]
[Date "2018.04.20"]
[Round "1"]
[White "Ness, Jarle"]
[Black "Rukovci, Shemsi"]
[Result "0-1"]
[WhiteElo "1828"]
[BlackElo "1999"]
[PlyCount "80"]
[EventDate "2018.??.??"]

1. e4 d5 2. exd5 Nf6 3. d4 Nxd5 4. c4 Nf6 5. Nf3 Bf5 6. Nc3 e6 7. Bd3 Bxd3 8.
Qxd3 Bb4 9. O-O h6 10. Bf4 O-O 11. Nb5 Bd6 12. Bxd6 cxd6 13. d5 e5 14. Qa3 Ne8
15. Rac1 Qb6 16. Rfd1 Nd7 17. b4 a5 18. Rb1 Nef6 19. bxa5 Rxa5 20. Qb2 Rc8 21.
Rdc1 Nc5 22. Qc2 Qd8 23. a3 e4 24. Ne1 Qe7 25. Qd2 Ra4 26. h3 Nfd7 27. Qf4 Ne5
28. Rc3 Rxc4 29. Rxc4 Nxc4 30. Rc1 Ne5 31. Nd4 Ra8 32. Rc3 Ned3 33. Nxd3 exd3
34. Rxc5 dxc5 35. Nf3 Rd8 36. Qc4 Qd6 37. Qxd3 Qxd5 38. Qc3 c4 39. Qb4 Qd1+ 40.
Kh2 Qd6+
0-1

[Event "Nordstrand GP Langsjakk 2018"]
[Site "Lambertseter gård"]
[Date "2018.04.20"]
[Round "1"]
[White "Kvendseth, Cornelius"]
[Black "Skaslien, Ingrid"]
[Result "0-1"]
[WhiteElo "1995"]
[BlackElo "1795"]
[PlyCount "42"]
[EventDate "2018.??.??"]

1. Nf3 c5 2. g3 Nc6 3. d4 cxd4 4. Nxd4 e6 5. Bg2 Bc5 6. Nxc6 bxc6 7. Nc3 Nf6 8.
O-O O-O 9. Bg5 d5 10. e4 h6 11. Bf4 Ba6 12. Re1 Qb6 13. Qf3 Nxe4 14. Nxe4 dxe4
15. Rxe4 Qxb2 16. Be5 Qxc2 17. Bxg7 Kxg7 18. Rg4+ Kh7 19. Qxc6 Bxf2+ 20. Kh1
Qxc6 21. Bxc6 Rac8
0-1

[Event "Nordstrand GP Langsjakk 2018"]
[Site "Lambertseter gård"]
[Date "2018.04.20"]
[Round "1"]
[White "Gjestemoen-Vonhirsch, Andre"]
[Black "Huse, Sigurd Kjelsbøl"]
[Result "1-0"]
[WhiteElo "1691"]
[BlackElo "1989"]
[PlyCount "85"]
[EventDate "2018.??.??"]

1. e4 c5 2. Nf3 e6 3. d4 cxd4 4. Nxd4 a6 5. c4 Qc7 6. Nc3 Nf6 7. Be2 Bb4 8. Nc2
Be7 9. O-O O-O 10. f4 d6 11. Qd3 Nbd7 12. b4 b6 13. Bb2 Bb7 14. Rac1 Rac8 15.
a3 Rfd8 16. Rfd1 h6 17. Qg3 Bf8 18. Bd3 Qb8 19. Ne3 Kh8 20. Qf3 Qa8 21. g4 e5
22. f5 Be7 23. Kf2 Nh7 24. Ncd5 Bh4+ 25. Ke2 Bg5 26. Rh1 Bxd5 27. Nxd5 Bxc1 28.
Bxc1 b5 29. cxb5 axb5 30. h4 Nhf6 31. Nxf6 Nxf6 32. g5 Nxe4 33. Bxe4 d5 34. Bb1
Qc6 35. gxh6 gxh6 36. Bb2 Qc4+ 37. Bd3 Qa2 38. Rb1 d4 39. Qh5 Rd6 40. f6 Rxf6
41. Qxe5 Rcc6 42. Qxd4 Rcd6 43. Qxd6
1-0

[Event "Nordstrand GP Langsjakk 2018"]
[Site "Lambertseter gård"]
[Date "2018.04.20"]
[Round "2"]
[White "Rukovci, Shemsi"]
[Black "Djurhuus, Rune"]
[Result "0-1"]
[WhiteElo "1999"]
[BlackElo "2437"]
[PlyCount "70"]
[EventDate "2018.??.??"]

1. e4 Nc6 2. d4 e5 3. d5 Nce7 4. Nf3 Ng6 5. c4 Bc5 6. Bg5 Nf6 7. Nc3 h6 8. Bxf6
Qxf6 9. Qd2 a5 10. a3 d6 11. h3 O-O 12. O-O-O Bd7 13. Kb1 Rfb8 14. Rc1 a4 15.
Ka2 c6 16. Rc2 Qd8 17. g3 Ne7 18. Ne1 cxd5 19. exd5 Nf5 20. Ne4 Nd4 21. Nxc5
dxc5 22. Rc3 b5 23. Re3 b4 24. Bg2 Nb3 25. Qd1 bxa3 26. bxa3 Qb6 27. Nd3 Na5
28. d6 Nxc4 29. Bxa8 Nxe3 30. fxe3 Rxa8 31. Nxe5 Rb8 32. Qc2 Be6+ 33. Ka1 Qxd6
34. Nd3 Rb3 35. Rd1 Rxa3+
0-1

[Event "Nordstrand GP Langsjakk 2018"]
[Site "Lambertseter gård"]
[Date "2018.04.20"]
[Round "2"]
[White "Hobber, Anders"]
[Black "Digernes, Magnus"]
[Result "1-0"]
[WhiteElo "2268"]
[BlackElo "1854"]
[PlyCount "88"]
[EventDate "2018.??.??"]

1. d4 Nf6 2. Nf3 g6 3. Nc3 Bg7 4. e4 d6 5. Be3 O-O 6. Qd2 Ng4 7. Bg5 h6 8. Bh4
Nc6 9. h3 Nf6 10. O-O-O e5 11. dxe5 dxe5 12. Qxd8 Nxd8 13. Nxe5 Ne6 14. Bg3 c6
15. f3 Nh5 16. Bh2 Nhf4 17. Nc4 g5 18. Ne2 Ng6 19. Ng3 Nef4 20. Ne3 Be6 21.
Ngf5 Rad8 22. Rxd8 Rxd8 23. Nxg7 Kxg7 24. a3 b5 25. Bg3 Ne5 26. h4 f6 27. hxg5
hxg5 28. Be1 Nfg6 29. Bc3 Rh8 30. Rxh8 Kxh8 31. Bd4 a6 32. Kd2 Kh7 33. Kc3 a5
34. Bb6 a4 35. b3 axb3 36. cxb3 Nd7 37. Bd8 Nge5 38. a4 Kg6 39. axb5 cxb5 40.
Bxb5 f5 41. exf5+ Bxf5 42. Nxf5 Kxf5 43. Bc7 Nf6 44. Kd4 Ng6 
1-0

[Event "Nordstrand GP Langsjakk 2018"]
[Site "Lambertseter gård"]
[Date "2018.04.20"]
[Round "2"]
[White "Ranaldi, Lucas"]
[Black "Mansoor, Afras"]
[Result "1-0"]
[WhiteElo "2226"]
[BlackElo "1898"]
[PlyCount "53"]
[EventDate "2018.??.??"]

1. d4 Nf6 2. c4 g6 3. Nc3 Bg7 4. g3 d6 5. Bg2 O-O 6. Nf3 Nbd7 7. O-O a6 8. d5
Rb8 9. Nd4 Ne5 10. b3 c5 11. dxc6 bxc6 12. Bf4 Nfd7 13. Bxc6 Bb7 14. Bxb7 Rxb7
15. Rc1 Rc7 16. Nd5 Rc8 17. Bg5 Re8 18. Qd2 Nc5 19. f3 f6 20. Be3 e6 21. Nc3 f5
22. Rfd1 Nf7 23. Nc2 Qa5 24. b4 Bxc3 25. Qxc3 Na4 26. Qb3 Qe5 27. Qxa4 1-0

[Event "Nordstrand GP Langsjakk 2018"]
[Site "Lambertseter gård"]
[Date "2018.04.20"]
[Round "2"]
[White "Kvendseth, Thyra"]
[Black "Støre, Trond"]
[Result "1/2-1/2"]
[WhiteElo "1850"]
[BlackElo "2056"]
[PlyCount "87"]
[EventDate "2018.??.??"]

1. d4 Nf6 2. c4 g6 3. Nf3 Bg7 4. g3 c6 5. Bg2 d5 6. cxd5 cxd5 7. Nc3 Ne4 8. Qb3
Nxc3 9. bxc3 Nc6 10. Bf4 O-O 11. O-O b6 12. Nd2 e6 13. e4 Na5 14. Qb5 Bd7 15.
Qd3 Bc6 16. Rfd1 Rc8 17. e5 Nc4 18. Rdb1 Ba4 19. Rb4 b5 20. Rbb1 Nxd2 21. Bxd2
Qd7 22. f4 Rc6 23. g4 Rfc8 24. f5 Bf8 25. Rf1 b4 26. fxe6 fxe6 27. cxb4 Rb6 28.
Rf2 Bxb4 29. Bxb4 Rxb4 30. Re1 Bb5 31. Qd2 Qe7 32. Bf1 Rf8 33. Rxf8+ Qxf8 34.
Bxb5 Rxb5 35. Rf1 Qe7 36. Qc2 Rb8 37. Kg2 Rf8 38. Rxf8+ Kxf8 39. Qc8+ Kg7 40.
Qc6 Kh6 41. Qc1+ Kg7 42. Qc6 Kh6 43. Qc1+ Kg7 44. Qc6
1/2-1/2

[Event "Nordstrand GP Langsjakk 2018"]
[Site "Lambertseter gård"]
[Date "2018.04.20"]
[Round "2"]
[White "Sjøberg, Isak"]
[Black "Aarnes, Carl Christian"]
[Result "1-0"]
[WhiteElo "2043"]
[BlackElo "1806"]
[PlyCount "43"]
[EventDate "2018.??.??"]

1. e4 c6 2. d4 d5 3. Nc3 g6 4. Nf3 dxe4 5. Nxe4 Bg7 6. Bc4 e6 7. Bf4 Nf6 8.
Nd6+ Ke7 9. Qd2 a5 10. Ng5 Rf8 11. Qe3 b5 12. Ndxf7 Rxf7 13. Bxe6 Kf8 14. Nxf7
Nd5 15. Bxd5 Qxd5 16. Bd6+ Qxd6 17. Nxd6 Bd7 18. O-O Na6 19. Rae1 Bg4 20. Qe7+
Kg8 21. Qf7+ Kh8 22. Re8+
1-0

[Event "Nordstrand GP Langsjakk 2018"]
[Site "Lambertseter gÃ¥rd"]
[Date "2018.04.20"]
[Round "3"]
[White "Tryggestad, Andreas G"]
[Black "Nordquelle, Daniel"]
[Result "1-0"]
[WhiteElo "2267"]
[BlackElo "2181"]
[PlyCount "71"]
[EventDate "2018.??.??"]

1. d4 d5 2. c4 e6 3. Nf3 Bb4+ 4. Bd2 Be7 5. g3 Nf6 6. Bg2 Nbd7 7. O-O dxc4 8.
Qa4 a6 9. Qxc4 b5 10. Qc2 Bb7 11. Nc3 c5 12. dxc5 Bxc5 13. Rac1 O-O 14. Bf4 Rc8
15. Qb1 h6 16. b4 Ba7 17. Qd3 Rc4 18. Bd6 Re8 19. a4 Qc8 20. axb5 Ne4 21. bxa6
Bxa6 22. Qxe4 Rxe4 23. Nxe4 Qa8 24. Nc5 Nxc5 25. bxc5 Bb7 26. Ra1 Be4 27. Ra6
Qb7 28. Rfa1 Bb8 29. Rb6 Qxb6 30. cxb6 Bxd6 31. Nd2 Bd5 32. Bxd5 exd5 33. Ra5
Rb8 34. Rb5 Rb7 35. Nb3 Re7 36. b7 1-0

[Event "Nordstrand GP Langsjakk 2018"]
[Site "Lambertseter gård"]
[Date "2018.04.20"]
[Round "3"]
[White "Djurhuus, Rune"]
[Black "Ranaldi, Lucas"]
[Result "1/2-1/2"]
[WhiteElo "2437"]
[BlackElo "2226"]
[PlyCount "100"]
[EventDate "2018.??.??"]

1. e4 c6 2. d4 d5 3. exd5 cxd5 4. Nf3 Nc6 5. Bb5 Bg4 6. c3 Rc8 7. Nbd2 Qb6 8.
Qe2 e6 9. h3 Bh5 10. O-O Nf6 11. g4 Bg6 12. Ne5 Bd6 13. Ndf3 O-O 14. Bf4 Qc7
15. Nxg6 hxg6 16. Bxd6 Qxd6 17. Ne5 Ne4 18. Bxc6 bxc6 19. Qe3 c5 20. f3 cxd4
21. cxd4 Nf6 22. Rac1 Nd7 23. f4 Nxe5 24. fxe5 Qb4 25. b3 Qa3 26. Qd2 a5 27.
Kg2 Qb4 28. Qxb4 axb4 29. g5 Ra8 30. Rf2 Ra7 31. Rc6 Rfa8 32. Rb6 Rxa2 33. Rxb4
Rxf2+ 34. Kxf2 Ra2+ 35. Ke3 Kf8 36. Rb8+ Ke7 37. Rb7+ Ke8 38. b4 Ra3+ 39. Kd2
Rxh3 40. b5 Rb3 41. Kc2 Rb4 42. Kc3 Rb1 43. Rb6 Ke7 44. Rb8 Kd7 45. Rb7+ Ke8
46. Rb8+ Kd7 47. Rb7+ Ke8 48. b6 Rb5 49. Rb8+ Ke7 50. Rb7+ Ke8 
1/2-1/2

[Event "Nordstrand GP Langsjakk 2018"]
[Site "Lambertseter gÃ¥rd"]
[Date "2018.04.20"]
[Round "3"]
[White "Egeland, Finn"]
[Black "Abdrlauf, Elham"]
[Result "0-1"]
[WhiteElo "1996"]
[BlackElo "2073"]
[Annotator "Lars"]
[PlyCount "87"]
[EventDate "2018.??.??"]

1. e4 c6 2. d4 d5 3. Nd2 dxe4 4. Nxe4 Bf5 5. Ng3 Bg6 6. h4 h6 7. Nf3 Nd7 8. h5
Bh7 9. Bd3 Bxd3 10. Qxd3 e6 11. Bd2 Ngf6 12. O-O-O Bd6 13. Ne4 Nxe4 14. Qxe4
Nf6 15. Qe2 Qc7 16. g3 O-O 17. Ne5 c5 18. Bf4 Nd5 19. dxc5 Nxf4 20. gxf4 Bxc5
21. Rhg1 Rfd8 22. Rd3 Rxd3 23. Nxd3 Rc8 24. Ne5 Qa5 25. Kb1 Rd8 26. Nd3 Bd4 27.
c3 Bf6 28. Ne5 Qd5 29. a3 Bxe5 30. fxe5 Qd3+ 31. Qxd3 Rxd3 32. Kc2 Rf3 33. Rd1
Rxf2+ 34. Kb3 Rf5 35. Rd8+ Kh7 36. Rd7 Rxh5 37. Rxb7 Rxe5 38. Rxa7 Rf5 39. Kb4
g5 40. Rd7 g4 41. a4 Rf1 42. Rd3 h5 43. c4 h4 44. c5 {58 trekk} 0-1

[Event "Nordstrand GP Langsjakk 2018"]
[Site "Lambertseter gård"]
[Date "2018.04.20"]
[Round "3"]
[White "Støre, Trond"]
[Black "Gjestemoen-Vonhirsch, Andre"]
[Result "1-0"]
[WhiteElo "2056"]
[BlackElo "1691"]
[PlyCount "65"]
[EventDate "2018.??.??"]

1. d4 Nf6 2. c4 c5 3. d5 b5 4. cxb5 a6 5. bxa6 g6 6. Nf3 Bg7 7. Nc3 O-O 8. e4
Qa5 9. Bd3 Nxd5 10. O-O Nxc3 11. bxc3 Bxc3 12. Bh6 Bg7 13. Qc1 Bxa6 14. Rd1
Bxd3 15. Rxd3 Rd8 16. Bxg7 Kxg7 17. Ne5 d6 18. Ng4 h5 19. Qh6+ Kg8 20. Ne3 e6
21. Nf5 exf5 22. exf5 Re8 23. Rf1 Nd7 24. fxg6 Ne5 25. gxf7+ Kxf7 26. Rxd6 Qxa2
27. f4 Nf3+ 28. Kh1 Qa1 29. Rd7+ Re7 30. Qh7+ Kf8 31. Qxe7+ Kg8 32. Qh7+ Kf8
33. Qf7# 1-0